书目信息 |
| 题名: |
中国报刊大全
|
|
| 作者: | ;中国报刊报社 编辑 | |
| 分册: | 下册 非邮发部分 | |
| 出版信息: | 北京 人民邮电出版社 1987 |
|
| 页数: | 430页 | |
| 开本: | 26cm | |
| 丛书名: | ||
| 单 册: | ||
| 中图分类: | G235 | |
| 科图分类: | ||
| 主题词: | 出版工作--中国 , 报纸目录--中国 | |
| 电子资源: | ||
| ISBN: | 7-115-03540-7 | |
| 000 | 00674nam0 2200229 45 | |
| 001 | 0187017102 | |
| 005 | 20061030110135.98 | |
| 010 | @a7-115-03540-7@dCNY9.00 | |
| 100 | @a19900912d1987 emky0chiy0121 ea | |
| 101 | 0 | @achi |
| 102 | @aCN@b110000 | |
| 105 | @ay b 001yy | |
| 200 | 10 | @a中国报刊大全@Azhong guo bao kan da quan@h下册@i非邮发部分@f中国报刊报社《中国报刊大全》编辑组编辑 |
| 210 | @a北京@c人民邮电出版社@d1987 | |
| 215 | @a430页@d26cm | |
| 606 | @a出版工作@y中国 | |
| 606 | @a报纸目录@y中国 | |
| 690 | @aG235@v3 | |
| 711 | 02 | @a中国报刊报社@Azhong guo bao kan bao she@4编辑 |
| 801 | 2 | @aCN@bNLC@c20061030 |
| 801 | 0 | @aCN@bTSSF |
| 905 | @a10447@dG235@e19:2 | |
| 中国报刊大全.下册.非邮发部分/中国报刊报社《中国报刊大全》编辑组编辑.-北京:人民邮电出版社,1987 |
| 430页;26cm |
| ISBN 7-115-03540-7:CNY9.00 |
| ● |
| 相关链接 |
|
|
|
|
正题名:中国报刊大全
索取号:G235/19:2
 
预约/预借
| 序号 | 登录号 | 条形码 | 馆藏地/架位号 | 状态 | 备注 |
| 1 | 0255322 | 202553227 | 第一样本阅览室/ [索取号:G235/19:2] | 在馆 |